Установки кондиционирования воздуха: основы расчета и проектирования

Detalhes bibliográficos
Autor principal: Кокорин О. Я. Олег Янович
Idioma:russo
Publicado em: Москва, Машиностроение, 1970
Assuntos:
Formato: Livro
KOHA link:https://koha.lib.tpu.ru/cgi-bin/koha/opac-detail.pl?biblionumber=93668

MARC

LEADER 00000nam0a2200000 4500
001 93668
005 20231031105309.0
035 |a (RuTPU)RU\TPU\book\100280 
090 |a 93668 
100 |a 20060330d1970 m y0rusy50 ca 
101 0 |a rus 
102 |a RU 
105 |a a z 001zy 
200 1 |a Установки кондиционирования воздуха  |e основы расчета и проектирования  |f О. Я. Кокорин 
210 |a Москва  |c Машиностроение  |d 1970 
215 |a 344 с.  |c черт. 
320 |a Библиогр.: с. 340-342. 
610 1 |a кондиционеры 
610 1 |a конструкция 
610 1 |a расчет 
675 |a 624.97.13  |v 3 
700 1 |a Кокорин  |b О. Я.  |g Олег Янович 
801 1 |a RU  |b 63413507  |c 20060330  |g PSBO 
801 2 |a RU  |b 63413507  |c 20060718  |g PSBO 
942 |c BK